00411nam a22001457a 450000500170000000800410001702200130005804100130007108200130008410000120009724500430010926000570015230000300020965000260023920240216085122.0240216b |||||||| |||| 00| 0 eng d a10233806 aEnglish  a349 TYD  lEnglish aButterworths Law Reports : Labour Law  aDurban : bButterworth Publishers (Pty) Ltd, c1994  bxi, 129 pages ; c25 cm.  aLegal practice bLaw